000 00486nam a2200169Ia 4500
008 090201s9999 xx 000 0 und d
010 _aKPL-22127
040 _bमराठी
041 _aमराठी
082 _a14226
_b22127
100 _aना. ज. नाईल
245 _aचकवा
_cना. ज. नाईल
260 _c2004
_bश्री विशाखा प्रकाशन
300 _a78
_bमोठा
600 _aचकवा
942 _cBOOK
999 _c214413
_d214413